header

Computer-based support for clinical guidelines and protocols (Record no. 208768)

MARC details
000 -LEADER
fixed length control field 01531nam a22003494a 4500
082 04 - DEWEY DECIMAL CLASSIFICATION NUMBER
Classification number 610/.285
245 00 - TITLE STATEMENT
Title Computer-based support for clinical guidelines and protocols
260 ## - PUBLICATION, DISTRIBUTION, ETC. (IMPRINT)
Place of publication Burke, VA :
Name of publisher IOS Press,
Year of publication c2004.
300 ## - PHYSICAL DESCRIPTION
Number of Pages x, 183 p. :
Other physical details ill.
490 1# - SERIES STATEMENT
Series statement Studies in health technology and informatics,
650 #0 - SUBJECT ADDED ENTRY--TOPICAL TERM
Topical Term Medicine
Topical Term Medical care
700 1# - ADDED ENTRY--PERSONAL NAME
Personal name Kaiser, Katharina.
Personal name Miksch, Silvia.
Personal name Tu, Samson W.
856 40 - ELECTRONIC LOCATION AND ACCESS
Uniform Resource Identifier http://site.ebrary.com/lib/rucke/Doc?id=10116500

No items available.

© 2026 Rongo University
Contact us: librarian | system librarian | Rongo university